Statistics for All Jose Mourinho Transfers

Click here to take the quiz!

General Stats

  • This quiz has been taken 37 times
  • The average score is 41 of 120

Answer Stats

YearClubFormer ClubAnswer% Correct
2004ChelseaMarseilleDidier Drogba
83%
2014ChelseaGalatasarayDidier Drogba
83%
2023AS RomaChelseaRomelu Lukaku
83%
2017Manchester UnitedEvertonRomelu Lukaku
83%
2013ChelseaAnzhiSamuel Eto'o
70%
2009Inter MilanBarcelonaSamuel Eto'o
70%
2010Real MadridBenficaÁngel Di María
67%
2016Manchester UnitedJuventusPaul Pogba
67%
2004ChelseaPortoRicardo Carvalho
67%
2010Real MadridChelseaRicardo Carvalho
67%
2014ChelseaBaselMohamed Salah
63%
2017Manchester UnitedChelseaNemanja Matić
63%
2014ChelseaBenficaNemanja Matić
63%
2022AS RomaManchester UnitedNemanja Matic
63%
2021AS RomaChelseaTammy Abraham
60%
2006ChelseaAC MilanAndriy Shevchenko
57%
2018Manchester UnitedArsenalAlexis Sánchez
53%
2004ChelseaPSVArjen Robben
53%
2006ChelseaArsenalAshley Cole
53%
2018Manchester UnitedShakhtar DonetskFred
53%
2020TottenhamReal MadridGareth Bale
53%
2012Real MadridTottenhamLuka Modric
53%
2023AS RomaPSGRenato Sanches
53%
2017Manchester UnitedBenficaVictor Lindelöf
53%
2016Manchester UnitedPSGZlatan Ibrahimović
53%
2014ChelseaBarcelonaCesc Fàbregas
50%
2014ChelseaAtlético MadridDiego Costa
50%
2016Manchester UnitedVillarrealEric Bailly
50%
2014ChelseaAtlético MadridFilipe Luís
50%
2010Real MadridWerder BremenMesut Özil
50%
2012Real MadridChelseaMichael Essien
50%
2005ChelseaLyonMichael Essien
50%
2004ChelseaRennesPetr Cech
50%
2011Real MadridRC LensRaphaël Varane
50%
2020TottenhamReal MadridSergio Reguilón
50%
2009Inter MilanReal MadridWesley Sneijder
50%
2013ChelseaBayer LeverkusenAndré Schürrle
47%
2018Manchester UnitedPortoDiogo Dalot
47%
2016Manchester UnitedBorussia DortmundHenrikh Mkhitaryan
47%
2006ChelseaBayern MünchenMichel Ballack
47%
2022AS RomaJuventusPaulo Dybala
47%
2020TottenhamSouthamptonPierre-Emile Højbjerg
47%
2020TottenhamPSVSteven Bergwijn
47%
2023AS RomaPSGLeandro Paredes
43%
2004ChelseaPortoPaolo Ferreira
43%
2015ChelseaBarcelonaPedro
43%
2013ChelseaAnzhiWillian
43%
2009Inter MilanGênoaDiego Milito
40%
2009Inter MilanBayern MünchenLúcio
40%
2020TottenhamWolverhamptonMatt Doherty
40%
2021AS RomaWolverhamptonRui Patrício
40%
2010Real MadridStuttgartSami Khedira
40%
2023AS RomaLeeds UnitedDiego Llorente
37%
2007ChelseaLyonFlorent Malouda
37%
2010Inter MilanLazioGoran Pandev
37%
2023AS RomaLyonHoussem Aouar
37%
2023AS RomaLeeds UnitedRasmus Kristensen
37%
2023AS RomaBayer LeverkusenSardar Azmoun
37%
2005ChelseaManchester CityShaun Wright-Phillips
37%
2022AS RomaArsenalAinsley Maitland-Niles
33%
2011Real MadridBenficaFábio Coentrão
33%
2020TottenhamBenficaGedson Fernandes
33%
2015ChelseaFiorentinaJuan Cuadrado
33%
2014ChelseaSaint-ÉtienneKurt Zouma
33%
2015ChelseaAC MonacoRadamel Falcao
33%
2015ChelseaAugsburgAbdul Rahman Baba
30%
2022AS RomaTorinoAndrea Belotti
30%
2023AS RomaEintracht FrankfurtEvan Ndicka
30%
2014ChelseaQPRLoïc Rémy
30%
2011Real MadridBorussia DortmundNuri Şahin
30%
2013Real MadridSevillaDiego López
27%
2006ChelseaLynJohn Obi Mikel
27%
2018Manchester UnitedStoke CityLee Grant
27%
2013ChelseaVitesseMarco van Ginkel
27%
2009Inter MilanGênoaThiago Motta
27%
2022AS RomaLille OSCZeki Çelik
27%
2020TottenhamSwansea CityJoe Rodon
23%
2011Real MadridEspañolJosé Callejón
23%
2006ChelseaFeyenoordSalomon Kalou
23%
2022AS RomaPortoSérgio Oliveira
23%
2004ChelseaSantosAlex
20%
2015ChelseaStoke CityAsmir Begović
20%
2007ChelseaBayern MünchenClaudio Pizarro
20%
2022AS RomaPSGGeorginio Wijnaldum
20%
2011Real MadridBayern MünchenHamit Altıntop
20%
2005ChelseaLe HavreLassana Diarra
20%
2023AS RomaBodø/GlimtOla Solbakken
20%
2008Inter MilanPortsmouthSulley Muntari
20%
2015ChelseaFluminenseKenedy
17%
2013ChelseaFulhamMark Schwarzer
17%
2004ChelseaPSVMateja Kezman
17%
2008Inter MilanPortoRicardo Quaresma
17%
2005ChelseaAthletic BilbaoAsier del Horno
13%
2021AS RomaGênoaEldor Shomurodov
13%
2007ChelseaBarcelonaJuliano Belletti
13%
2022AS RomaOlympiakosMady Camara
13%
2007ChelseaReadingSteve Sidwell
13%
2004ChelseaBenficaTiago Mendes
13%
2020TottenhamBurnleyJoe Hart
10%
2008Inter MilanAS RomaMancini
10%
2014ChelseaHajduk SplitMario Pašalić
10%
2009Inter MilanTwenteMarko Arnautović
10%
2021AS RomaPalmeirasMatías Viña
10%
2009Inter MilanParmaMcDonald Mariga
10%
2010Real MadridGetafePedro León
10%
2007ChelseaBolton WanderersTal Ben Haim
10%
2008Inter MilanVasco da GamaPhilippe Coutinho
7%
2013ChelseaPortoChristian Atsu
3%
2006ChelseaNacionalHilário
3%
2006ChelseaHamburger SVKhalid Boulahrouz
3%
2010Real MadridRacingSergio Canales
3%
2008Inter MilanChievo VeronaVictor Obinna
3%
2004ChelseaVitoriaAlcides
0%
2006ChelseaHapoel Tel AvivBen Sahar
0%
2009Inter MilanBresciaEmiliano Viviano
0%
2005ChelseaCSKA MoscowJiri Jarosik
0%
2008Inter MilanTernanaLuis Jiménez
0%
2006ChelseaDynamo MoscowManiche
0%
2004ChelseaPenafielNuno Morais
0%
2006ChelseaOFK BelgradeSlobodan Rajkovic
0%

Score Distribution

Percentile by Number Answered

Percent of People with Each Score

Your Score History

You have not taken this quiz